000
00406nam a2200133Ia 4500
008
100328s9999 xx 000 0 und d
082
_b
66343
100
_a
खांडेकर वि.स.
245
_a
दोन ध्रुव.
260
_b
मेहता पब्लिशिंग हाऊस.
630
_a
दोन ध्रुव.
730
_a
दोन ध्रुव.
942
_c
BOOK
999
_c
552083
_d
552080